| 000 | 01019nam a2200289 i 4500 | ||
|---|---|---|---|
| 001 | 000009107 | ||
| 003 | DO-SdBNP | ||
| 005 | 20250620140232.0 | ||
| 007 | ta | ||
| 008 | 090921s1995 dr r 000 0 spa d | ||
| 040 |
_aDO-SdBNP _bspa _cBNPHU _erda |
||
| 082 | 4 |
_aRD860.9 _bB171L, 1995 _222 |
|
| 100 | 1 |
_a Balaguer, Joaquín, _d1906-2002 _eautor _4aut. _976556 |
|
| 245 | 1 | 0 |
_aLetras Dominicanas / _cJoaquín Balaguer. |
| 250 | _aCuarta edición | ||
| 264 | 1 |
_aSantiago de los Caballeros, República Dominicana : _bEditora Corripio, _c1995. |
|
| 300 |
_a351 páginas ; _c22 cm. |
||
| 336 |
_atexto _btxt _2rdacontent |
||
| 337 |
_asin mediación _bn _2rdamedia |
||
| 338 |
_avolumen _bnc _2rdacarrier |
||
| 500 | _aIncluye referencias bibliográfica y notas al pie de las páginas | ||
| 590 | _aInventariado, 2018/BT | ||
| 650 | 1 | 4 |
_aLiteratura dominicana _xHistoria y critica _9159 |
| 650 | 4 |
_aLiteratura dominicana _xCrítica e interpretación _9216 |
|
| 910 | _aValidado. Control de calidad. MFF | ||
| 942 |
_2ddc _cLBS1 |
||
| 999 |
_c8871 _d8871 |
||